| 000 | 03030nam a22002417a 4500 | ||
|---|---|---|---|
| 003 | UA-OsUOA | ||
| 005 | 20211019120933.0 | ||
| 008 | 211019b un ||||| |||| 00| 0 ukr d | ||
| 040 |
_aUA-OsUOA _bukr _cUA-OsUOA _dUA-OsUOA |
||
| 041 | _aukr | ||
| 080 | _a94(477)"1920/1930"(043.3) | ||
| 090 | _a94(477)"1920/1930"(043.3) | ||
| 095 |
_a07.00.01 _bісторія України |
||
| 100 | _aДіденко К. В. | ||
| 245 |
_aСтворення та діяльність всеукраїнського комітету сприяння вченим (ВУКСВ) в УСРР (1921-1938 рр.) _cДіденко Катерина Володимирівна ; наук. керівник Сокирська Владилена Володимирівна |
||
| 260 |
_aТернопіль _c2021 |
||
| 300 | _a19 с. | ||
| 502 |
_6Автореферат дисертації на здобуття наукового ступеня кандидата історичних наук
_cТернопільський національний педагогічний університет імені Володимира Гнатюка _d2021 |
||
| 520 | _aУ дисертації комплексно і всебічно висвітлено результати цілісного аналізу створення та організації діяльності Всеукраїнського комітету сприяння вченим (ВУКСВ). Проаналізовано стан наукової розробки проблеми, охарактеризовано джерельну базу та теоретико-методологічні засади дослідження. З’ясовано принципи і практичний досвід взаємодії радянської влади та наукової інтелігенції. Встановлено механізми, що використовувалися державою для надання допомоги науковцям. Досліджено організаційно- правові засади створення та діяльності Всеукраїнського комітету сприяння вченим. Показано особливості співпраці ВУКСВ з Секціями наукових працівників спілки «Робос». Розкрито діяльність ВУКСВ зі створення Будинків вчених, їх соціального та матеріально-побутового забезпечення. Вивчено житлові проблеми вчених та способи їх вирішення науковцями та органами радянської влади. Досліджено особливості організації відпочинку та санаторно-курортного лікування вчених. | ||
| 650 |
_2UDC _a94 Історія загалом |
||
| 942 |
_2udc _cAR |
||
| 955 | _a1 | ||
| 999 |
_c571638 _d571638 |
||